Synonymy and variation in Eleutherodactylus bicumulus (<Peters>) from northern Venezuela, with a description of a new species (<Amphibia: Leptodactylidae>) (Registro nro. 9224)
[ vista simple ]
| 000 -CABECERA | |
|---|---|
| Campo de control | 010440000a22002530004500 |
| 090 ## - CLASIFICACIÓN LOCAL | |
| Colección | AR |
| Consecutivo | 00123 |
| 041 0# - IDIOMA | |
| Código de idioma para texto/pista de sonido o título separado | |
| 100 1# - ASIENTO PRINCIPAL--NOMBRE PERSONAL | |
| Nombre personal | Lynch, John D. |
| 245 10 - MENCION DE TITULO | |
| Título | Synonymy and variation in Eleutherodactylus bicumulus (<Peters>) from northern Venezuela, with a description of a new species (<Amphibia: Leptodactylidae>) |
| 650 14 - ASIENTO SECUNDARIO DE MATERIA - TERMINO TEMATICO | |
| Término temático o nombre geográfico como elemento de entrada | Taxonomía |
| 650 14 - ASIENTO SECUNDARIO DE MATERIA - TERMINO TEMATICO | |
| Término temático o nombre geográfico como elemento de entrada | Anfibios |
| 650 14 - ASIENTO SECUNDARIO DE MATERIA - TERMINO TEMATICO | |
| Término temático o nombre geográfico como elemento de entrada | Fauna |
| 650 14 - ASIENTO SECUNDARIO DE MATERIA - TERMINO TEMATICO | |
| Término temático o nombre geográfico como elemento de entrada | Morfología |
| 650 14 - ASIENTO SECUNDARIO DE MATERIA - TERMINO TEMATICO | |
| Término temático o nombre geográfico como elemento de entrada | Biología |
| 651 #4 - ASIENTO SECUNDARIO DE MATERIA - NOMBRE GEOGRAFICO | |
| -- | Venezuela |
| 653 ## - TERMINO DE INDIZACION - NO CONTROLADO | |
| -- | Leptodactylidae |
| -- | Eleutherodactylus |
| -- | Eleotherodactylus orocostalis |
| 653 ## - TERMINO DE INDIZACION - NO CONTROLADO | |
| -- | Leptodactylidae |
| -- | Eleutherodactylus |
| -- | Eleotherodactylus racenisi |
| 653 ## - TERMINO DE INDIZACION - NO CONTROLADO | |
| -- | Leptodactylidae |
| -- | Eleutherodactylus |
| -- | Eleotherodactylus williamsi |
| 653 ## - TERMINO DE INDIZACION - NO CONTROLADO | |
| -- | Leptodactylidae |
| -- | Eleutherodactylus |
| -- | Eleotherodactylus bicumulus |
| 653 ## - TERMINO DE INDIZACION - NO CONTROLADO | |
| -- | Leptodactylidae |
| -- | Eleutherodactylus |
| -- | Eleotherodactylus riveroi |
| 700 1# - ASIENTO SECUNDARIO - NOMBRE PERSONAL | |
| Nombre personal | La Marca, Enrique |
| 773 1# - Item fuente: | |
| Título | Caribbean Journal of Science |
| Especificación de materiales | 55 |
| Descripción física | 3-4 |
| Paginas del Articulo | 133-146 |
| Lugar, editorial y fecha de publicación | 1993 |
| Información sobre la relación | 29 |
| 942 ## - ELEMENTOS ADICIONALES (KOHA) | |
| Tipo de ítem | Artículo |
| Withdrawn status | Lost status | Sistema de Clasificación | Damaged status | No para préstamo | Colección | Ubicación Permanente | Ubicación actual | Fecha de adquisición | Total Checkouts | Número topográfico | Inventario / Código de Barras | Date last seen | Ejemplar | Price effective from | Tipo de material |
|---|---|---|---|---|---|---|---|---|---|---|---|---|---|---|---|
| Dewey Decimal Classification | No para Préstamo | Hemeroteca | Bogotá | Bogotá | 27/02/2015 | AR 00123 Fuera de circulación | 010355 | 25/03/2015 | 1 | 25/03/2015 | Artículo |